000
00269nam a2200121Ia 4500
100
_a
Mukhi/ Vijay
942
_c
BK
654
_a
Computer
245
_a
''''C'''' Odyssey unix open Boundless C.
260
_b
BPB Pub
_a
New Delhi
_c
1992
546
_a
ENGLISH
999
_c
33516
_d
33516